Indian political thought (Record no. 1544)

MARC details
000 -LEADER
fixed length control field 00441nam a2200169Ia 4500
008 - FIXED-LENGTH DATA ELEMENTS--GENERAL INFORMATION
fixed length control field 230917s9999||||xx |||||||||||||| ||und||
020 ## - ISBN
Price RS 425.00
040 ## - CATALOGING SOURCE
-- 5007385
Original cataloging agency VIVEKANANDA LIBRARY
041 ## - Language
-- English
082 ## - DDC NUMBER
Classification number 320.50954 P133I
100 ## - MAIN ENTRY--PERSONAL NAME
Personal name Padhy, K S
245 #0 - TITLE STATEMENT
Title Indian political thought
260 ## - PUBLICATION, DISTRIBUTION, ETC. (IMPRINT)
Place of publication, distribution, etc Delhi
Name of publisher, distributor, etc PHI Learning
Date of publication, distribution, etc 2019
300 ## - PHYSICAL DESCRIPTION
Pages xvi, 384 p.
500 ## - GENERAL NOTE
General note 3990 21/01/2020 HBD20/8309 26/02/2020 Main Budget
942 ## - ADDED ENTRY ELEMENTS (KOHA)
Koha item type Books
Holdings
Withdrawn status Lost status Damaged status Not for loan Location (home branch) Sublocation or collection (holding branch) Date acquired Koha issues (times borrowed) Koha full call number Accession No. Koha date last seen Koha item type
        VIVEKANANDA LIBRARY VIVEKANANDA LIBRARY 09/03/2020 2 320.50954 P133I 396670 14/04/2025 Books
© Designed and Maintained by Vivekananda Library, MDU Rohtak